Egy amerikai tanár Erdélyben sztereotípiák /

Elmentve itt :
Bibliográfiai részletek
Szerző: Reinhardt Theresa
További közreműködők: Asztalos Ildikó
Dokumentumtípus: Cikk
Megjelent: 1995
Sorozat:Iskolakultúra 5 No. 3-4
Kulcsszavak:Sztereotípia - USA
Online Access:http://misc.bibl.u-szeged.hu/44580
LEADER 00648nab a2200193 i 4500
001 misc44580
005 20191106141114.0
008 181002s1995 hu o 0|| zxx d
022 |a 1215-5233 
040 |a SZTE Miscellanea Repozitórium  |b hun 
041 |a zxx 
100 1 |a Reinhardt Theresa 
245 1 0 |a Egy amerikai tanár Erdélyben   |h [elektronikus dokumentum] :  |b sztereotípiák /  |c  Reinhardt Theresa 
260 |c 1995 
300 |a 153-157 
490 0 |a Iskolakultúra  |v 5 No. 3-4 
695 |a Sztereotípia - USA 
700 0 1 |a Asztalos Ildikó 
856 4 0 |u http://misc.bibl.u-szeged.hu/44580/1/iskolakultura_1995_003_004_153-157.pdf  |z Dokumentum-elérés